000 01735nam a2200289 a 4500
001 000025095
003 000025095
005 20171002125808.0
008 110210s20uu dr a 000 j spa d
020 _a9789945120069
040 _aBPMSU
_bspa
_cBPMSU
049 _a
082 4 _aH863.4408
_bC965L
092 _2
245 0 0 _aCuentos latinoamericanos.
260 _aSanto Domingo :
_bSusaeta,
_c[19--?].
300 _a192 p. :
_bil.;
_c22 cm.
490 1 _aBiblioteca Susaeta
505 0 _tLa gallina degollada /
_rHoracio Quiroga --
_tLos amos /
_rJuan Bosch --
_tLas novias del mendigo /
_rRómulo Gallegos --
_tEl hombre honrado /
_rMonteiro Lobato --
_tLa leyenda del yunque /
_rJuan B. Huyke --
_tLos fugitivos /
_rAlejo Carpentier --
_tEl sueño del pongo /
_rJosé María Arguedas --
_tCiro Alegría /
_rCalixto Garmendia --
_tEs que somos pobres /
_rJuan Rulfo --
_tContinuidad de los parques /
_rJulio Cortázar --
_tPrimera dama /
_rAugusto Monterroso --
_tEl ahogado más hermoso del mundo /
_rGabriel García Márquez --
_tJuegos nocturnos /
_rAugusto Roa Bastos --
_tEl cacique /
_rFrancisco Herrera Velado --
_tEleuterio Real /
_rPablo Antonio Cuadra --
_tUna Elfina /
_rPompello del Valle --
_tEl hombre feliz /
_rMaría Teresa Sánchez --
_tUno menos /
_rAlicia Yánez Cossío --
_tLa novia bruja /
_rElías Zelenón Cartín --
_tBalas cruceadas /
_rEliseo Pérez Cadalso --
_tAnita la cazadora de insectos /
_rRoberto Castillo --
_tEl fardo /
_rRubén Darío
650 4 _aCUENTOS LATINOAMERICANOS
_xCOLECCIONES
650 4 _aLITERATURA LATINOAMERICANA
830 0 _aBiblioteca Susaeta
910 _aValidado. Control de calidad BNPHU
942 _2ddc
_cBK
945 _aInventariado / 2017 VM
956 _aVMATEO
_b10
_c20150922
_lBPMSU
_h0069
999 _c7194
_d7194